[Event "6th Vergani Cup January 2022"]
[Site "Cattolica"]
[Date "2022.01.02"]
[Round "1.1"]
[White "Korobov, Anton"]
[Black "Huber, Benedikt"]
[Result "1-0"]
[WhiteElo "2699"]
[BlackElo "2254"]
[Annotator "TA"]
[PlyCount "89"]
[EventDate "2022.01.02"]
[EventType "swiss"]
[EventCountry "ITA"]
[SourceTitle "playchess.com"]
[Source "ChessBase"]
[SourceQuality "1"]

{[%evp 15,89,27,15,6,22,12,2,22,35,26,23,-25,-40,-35,-17,-22,-20,-51,-52,-60,-19,-17,3,0,44,42,39,43,37,44,95,80,84,87,133,132,110,110,189,174,173,123,167,117,118,121,130,126,127,127,178,152,179,179,179,179,276,274,271,282,260,236,277,277,365,365,373,370,368,365,360,358,466,466,554,533]} 1. d4 Nf6 2. c4 e6 3. Nc3 Bb4 4. Qc2 O-O 5. Nf3 c5 6. dxc5 Na6 7. g3 Nxc5 8. Bg2 b6 9. O-O {With the idea Nb5. E39: Nimzo-Indian: Classical: 4...c5 5 dxc5 0-0.} Bb7 10. Nb5 Be4 11. Qd1 {The position is equal.} a6 12. Nd6 {Strongly threatening a3.} Bc6 $1 13. Ng5 $5 {[%mdl 4] Exploring less charted territory.} (13. Bf4 $142 Nb7 14. a3 Bxd6 15. Bxd6) 13... Bxg2 $11 14. Kxg2 {[#] Threatens to win with a3.} Nb7 $1 {[#]} 15. Nxb7 $146 ({Predecessor:} 15. Bf4 Bxd6 16. Bxd6 Nxd6 17. Qxd6 Rc8 18. Rac1 Rc6 19. Qa3 Qc7 20. b3 b5 21. cxb5 axb5 {1-0 (73) Rajlich,I (2404)-Kosintseva,T (2513) Dresden 2008}) 15... Qc7 16. Na5 bxa5 (16... Bxa5 17. a3 $11) 17. b3 {[%cal Bb2b3,Bb3a4,Ba4a5][%mdl 32]} Qc6+ ({Much weaker is} 17... Bc3 18. Rb1 $11) (17... d5 $1 $15) 18. Nf3 Bc3 19. Rb1 a4 (19... e5 $11) 20. Qd3 $36 {[%mdl 2048] Black is under pressure.} Ne4 21. Be3 {aiming for Bd4.} Bf6 22. bxa4 Nc3 (22... Rab8 $14) 23. Rb6 $16 Qc7 24. a5 {Black must now prevent Rc1.} Na4 {[#]} ({Black should play} 24... Rfc8) 25. Bf4 $1 Qc5 26. Rb7 {Bd6 is the strong threat.} Nb2 (26... Qh5 $16) 27. Qxd7 {Hoping for Bd6.} Nxc4 28. Rc1 ({White should try} 28. Rc7 $18 Qb5 29. Qd3) 28... Qd5 (28... e5 $16) 29. Qxd5 (29. Rc7 $18 Rad8 30. Qxd5 exd5 31. e4) 29... exd5 30. Rd1 Nxa5 {[%cal Bc4a5,Ba5c6,Bc6b4,Bb4a2,Ba2c1][%mdl 32]} 31. Rd7 {White is much more active.} Nc6 32. R1xd5 a5 (32... Rfd8 $16 {was worth a try.} 33. Rxd8+ Nxd8) 33. a4 $18 Nb4 34. Rb5 Na2 {[#]} 35. Bd2 Rfe8 (35... Nc3 $142) 36. Rxa5 Rxa5 37. Bxa5 Ra8 {[#]} 38. Rd2 $1 Nc1 (38... Nc3 39. Bxc3) 39. Bb6 h6 40. a5 Nb3 41. Rd3 Nc1 42. Re3 Na2 43. Ne5 Nb4 44. Nd7 Nd5 45. Rd3 {Weighted Error Value: White=0.07 (flawless) /Black=0.20 (precise)} 1-0

[Event "6th Vergani Cup January 2022"]
[Site "Cattolica"]
[Date "2022.01.02"]
[Round "1.2"]
[White "Pulkkinen, Kari"]
[Black "Niemann, Hans Moke"]
[Result "0-1"]
[WhiteElo "2255"]
[BlackElo "2645"]
[Annotator "TA"]
[PlyCount "76"]
[EventDate "2022.01.02"]
[EventType "swiss"]
[EventCountry "ITA"]
[SourceTitle "playchess.com"]
[Source "ChessBase"]
[SourceQuality "1"]

{[%evp 22,76,48,22,20,22,63,56,70,66,72,8,21,0,0,25,58,26,20,8,7,19,29,0,-10,-9,-9,-7,0,-126,-131,-128,-104,-130,-116,-185,-187,-176,-177,-255,-194,-731,-730,-852,-822,-828,-814,-29983,-29984,-29984,-29985,-29990,-29991,-29993,-29994,-29994,-29995]} 1. e4 c5 2. Nf3 d6 3. d4 cxd4 4. Nxd4 Nf6 5. Nc3 Nc6 6. Bg5 e6 7. Qd2 a6 8. O-O-O Bd7 9. f4 Be7 10. Nf3 b5 11. Bxf6 gxf6 12. Bd3 b4 {B69: Sicilian: Richter-Rauzer: 7...a6 8 0-0-0 Bd7 9 f4 Be7 10 Nf3 b5 11 Bxf6.} 13. Ne2 h5 (13... Qb6 $11) 14. Kb1 Qb6 {White is slightly better.} 15. f5 e5 16. Bc4 (16. Ng3 $16) 16... Rc8 $1 $11 17. Bd5 {[#]} (17. Qd5 $5 {[%cal Rd5f7]} Nd8 18. Qd3 $14) 17... Na5 $146 ({Predecessor:} 17... a5 18. Rhg1 Na7 19. g4 Nb5 20. Ka1 hxg4 21. Rxg4 Qf2 22. Rg3 Bf8 23. Qd3 a4 {0-1 (37) Priasmoro,N (2502)-Tabatabaei,M (2629) Chess.com INT 2020}) 18. b3 {To avoid Nc4} Nb7 19. Nc1 Nc5 20. Nd3 Nxd3 21. cxd3 Bf8 22. Rc1 Rxc1+ 23. Qxc1 (23. Rxc1 $2 {perishes.} Bh6 24. Qe2 Bxc1 25. Kxc1 Ke7 $19) 23... Bh6 24. Qd1 Ke7 25. Nd2 (25. Bc4 $11 {keeps the balance.}) 25... Qf2 $1 $17 {[%csl LRd2,LRg2]} 26. Nc4 Qxg2 27. Rg1 Qf2 {Black is more active.} 28. h3 (28. d4 $17) 28... Qd4 $1 $19 {[%cal Od7f5]} 29. Rg2 {[#]} Bxf5 $1 {[%mdl 512] The board is on fire.} 30. Qf3 (30. a4 $142) (30. a3 bxa3) 30... Bg6 ({Stronger than} 30... Qc3 31. a4 Bd7 32. Ka2 $17) 31. Nxd6 $2 (31. a3) 31... Rd8 $1 (31... Qc3 32. Qf1 Qc7 33. Nc4 $15) 32. Nxf7 Bxf7 33. Bxf7 Qc3 $1 {[%csl Gh6][%cal Rc3c1]} ({Not} 33... Kxf7 34. Qxh5+ Ke7 35. Qxh6 $17) 34. Rc2 {[#] To avoid Qc1+} Qe1+ $1 {Black mates.} 35. Kb2 {[#]} Bd2 $1 (35... Kxf7 $2 36. Qxh5+ Kg8 37. Qxh6 $18) 36. Rc7+ Rd7 37. Rxd7+ Kxd7 {[%csl Gd2][%cal Re1c1]} 38. Qf5+ Kc7 {Weighted Error Value: White=0.78/Black=0.04 (flawless)} 0-1

[Event "6th Vergani Cup January 2022"]
[Site "Cattolica"]
[Date "2022.01.02"]
[Round "1.3"]
[White "Tabatabaei, M. Amin"]
[Black "Sreyas Payyappat"]
[Result "1-0"]
[WhiteElo "2643"]
[BlackElo "2250"]
[Annotator "TA"]
[PlyCount "71"]
[EventDate "2022.01.02"]
[EventType "swiss"]
[EventCountry "ITA"]
[SourceTitle "playchess.com"]
[Source "ChessBase"]
[SourceQuality "1"]

{[%evp 22,70,37,20,45,39,27,37,48,22,2,0,0,0,93,85,59,0,120,139,143,131,121,114,103,36,29,12,97,100,120,113,326,312,29979,29978,29980,29981,29981,29981,29978,29979,29993,29994,29995,29996,29997,29998,29998,29999,29999]} 1. d4 Nf6 2. c4 e6 3. Nc3 c5 4. d5 exd5 5. cxd5 d6 6. e4 g6 7. f4 Bg7 8. Bb5+ Nfd7 9. a4 O-O 10. Nf3 Na6 11. O-O Nb4 {The main line 11...Nb4 scores better than 11...Nc7.} 12. Be3 a6 {A67: Modern Benoni: Taimanov Variation.} 13. Be2 Re8 14. Bf2 f5 {White is slightly better.} 15. e5 dxe5 16. d6 exf4 {[#]} 17. Qd2 $146 ({Predecessor:} 17. Re1 h6 18. Bc4+ Kh7 19. Rxe8 Qxe8 20. Qd2 Qf8 21. Re1 Nf6 22. Bxc5 Nc6 23. b4 Bd7 24. b5 axb5 25. axb5 Na5 26. Ba2 Rc8 27. Ba3 Nc4 28. Ne5 Nxd2 {0-1 (28) Egger,R (2318)-Hohlbein,M (2324) ICCF email 2020}) 17... Nc6 (17... Nf8 $11) 18. Nd5 $1 $16 {Nc7 is the strong threat.} Rb8 19. Nxf4 (19. Rae1 $14) 19... Qf6 (19... Nf6 $1 $11 {remains equal.}) 20. Rae1 $1 {And now Bc4+ would win.} Kh8 21. Bd1 $1 Nce5 22. Nxe5 Rxe5 23. Rxe5 {White is much more active.} ({White should play} 23. Bg3 $16 {Threatens to win with Rxe5.} Rxe1 24. Rxe1 Qd4+ 25. Qxd4 Bxd4+ 26. Kf1) 23... Nxe5 $14 (23... Qxe5 $2 24. Re1 b6 25. Rxe5 $18) 24. Bxc5 {[%cal Bf2c5,Bc5b4,Bb4c3][%mdl 32]} b6 {[#]} (24... Bd7 $1 $11) 25. Bb4 $1 $16 Nc4 {[%csl LRb2,LRd2] [#]} 26. Qc1 $36 {[%mdl 2048] Black is under strong pressure.} Nxd6 {Black cannot hold the game after this.} (26... b5 $16 {is a better defense.}) 27. Bc3 $18 Qf8 {[#]} (27... Qf7 $18 28. Bb3 Qxb3) 28. Nxg6+ $1 {[%mdl 512] White mates.} hxg6 29. Qh6+ $1 Kg8 30. Bb3+ Nf7 31. Qxg6 Rb7 32. Re1 Bd7 {[#]} 33. Re7 $1 {[%mdl 512]} Bxa4 (33... Kh8 34. Qh5+) 34. Bxf7+ Qxf7 35. Qxf7+ Kh8 36. Qxg7# {Weighted Error Value: White=0.06 (flawless) /Black=0.64} 1-0

[Event "6th Vergani Cup January 2022"]
[Site "Cattolica"]
[Date "2022.01.02"]
[Round "1.4"]
[White "Kugler, Florian"]
[Black "Kozul, Zdenko"]
[Result "0-1"]
[WhiteElo "2222"]
[BlackElo "2625"]
[Annotator "TA"]
[PlyCount "104"]
[EventDate "2022.01.02"]
[EventType "swiss"]
[EventCountry "ITA"]
[SourceTitle "playchess.com"]
[Source "ChessBase"]
[SourceQuality "1"]

{[%evp 22,104,6,0,0,0,0,0,0,-8,-14,-50,-50,-48,-42,-87,-86,-79,-48,-68,-35,-51,-21,-23,0,-77,-62,-255,-253,-282,-277,-391,-368,-352,-324,-359,-322,-400,-396,-482,-482,-457,-434,-556,-565,-705,-538,-689,-498,-647,-404,-424,-394,-405,-377,-514,-506,-720,-664,-699,-472,-460,-461,-690,-716,-699,-703,-720,-711,-714,-703,-754,-767,-904,-884,-837,-881,-1185,-1125,-1754,-1902,-1865,-1668,-1305,-1150]} 1. d4 Nf6 2. c4 g6 3. Nf3 Bg7 4. Nc3 O-O 5. g3 c6 6. Bg2 d5 7. cxd5 cxd5 8. Ne5 e6 9. O-O Nc6 10. Bf4 Nxe5 11. Bxe5 Bd7 12. Qb3 Bc6 {[#] D79: Fianchetto Grünfeld: Symmetrical Variation (6 0-0 c6 7 cxd5 cxd5).} 13. Rfe1 $146 ({Predecessor:} 13. a4 a5 14. Rfc1 Qe7 15. e3 Rfc8 16. Ne2 Bf8 17. Bxf6 Qxf6 18. Nf4 Bd6 19. Nd3 Qe7 20. Bf1 {½-½ (56) Adly,A (2602)-Rakhmanov,A (2657) Riga 2021}) 13... Qe7 14. e3 Rfc8 {The position is equal.} 15. a3 Bf8 16. Rad1 Ne4 17. Bxe4 dxe4 18. d5 (18. h4 $15) 18... exd5 $17 19. Bd4 Qe6 20. Ne2 g5 21. Bc3 Rd8 22. Nd4 Qh3 23. Nxc6 (23. Rd2 $11 {remains equal.}) 23... bxc6 24. Qa4 $2 {[#] This move loses the game for White.} (24. Qb7 $15) 24... Rd6 $1 $19 (24... c5 25. Rxd5 Rxd5 26. Qc6 $11) 25. Qd4 {[%csl Gc3][%cal Rd4h8] [#]} f5 $1 {White must now prevent ...Rh6.} ({Not} 25... f6 26. Bb4 Re6 27. Rc1 $15 (27. Bxf8 Rxf8 28. Rc1 Rf7 $15)) 26. f3 ({Of course not} 26. Qh8+ Kf7 27. Rd2 Re8 $19) (26. Rd2 $142 Re8 27. Rf1) 26... exf3 {[%csl Gf3][%cal Rh3g2] The board is on fire.} 27. Rd2 {To avoid Qg2+} Qh6 ({Don't blunder} 27... Kf7 $2 28. Rf1 Qh5 29. Bb4 $19) 28. Qh8+ Kf7 29. Rf2 g4 30. Qd4 Re6 {aiming for ...Re4.} 31. Qd3 Qg6 32. Qa6 Kg8 33. Qb7 Qe8 34. Bd4 a5 {[%cal Ba7a5,Ba5a4][%mdl 32]} 35. Rc2 Qb8 36. Qxb8 Rxb8 37. Rec1 Rc8 38. h4 a4 {Black is clearly winning.} 39. Kf2 Kf7 {[%cal Oc6c5] And now ...c5! would win.} 40. Rc3 Be7 {[%cal Oc6c5] Hoping for ...c5!} 41. R1c2 h5 42. b4 (42. Kg1 $142 Ke8 43. Kf2) 42... axb3 43. Rxb3 c5 {[%cal Bc6c5,Bc5c4][%mdl 32]} 44. Bb2 Ra6 45. Rb7 Ke6 46. Rd2 c4 47. Bc3 Rcc6 48. Rdb2 Bxa3 49. R2b5 Be7 50. Rb2 Bf6 51. Bxf6 Kxf6 52. Rh7 Ke5 {Weighted Error Value: White=0.63/Black=0.24 (precise)} 0-1

[Event "6th Vergani Cup January 2022"]
[Site "Cattolica"]
[Date "2022.01.02"]
[Round "1.5"]
[White "Short, Nigel D"]
[Black "Ojas Kulkarni"]
[Result "1/2-1/2"]
[WhiteElo "2633"]
[BlackElo "2206"]
[Annotator "TA"]
[PlyCount "107"]
[EventDate "2022.01.02"]
[EventType "swiss"]
[EventCountry "ITA"]
[SourceTitle "playchess.com"]
[Source "ChessBase"]
[SourceQuality "1"]

{[%evp 21,107,39,44,37,54,18,41,15,53,40,43,-11,4,-34,-34,-34,-27,-28,0,0,0,0,0,0,0,0,0,0,0,0,7,7,7,9,9,8,12,1,3,0,0,0,0,0,0,0,0,0,0,0,0,0,0,0,8,6,24,16,16,8,8,8,8,8,8,8,8,8,8,8,8,8,8,8,8,8,8,8,8,8,8,8,8,0,8,0,8,0]} 1. c4 c5 2. Nf3 Nc6 3. d4 cxd4 4. Nxd4 g6 5. e4 Nf6 6. Nc3 Nxd4 7. Qxd4 d6 8. Be3 Bg7 9. Be2 O-O 10. Qd2 Ng4 {10...a5 is the modern continuation.} 11. Bxg4 Bxg4 12. Rc1 {[#] B36: Sicilian: Maroczy Bind: Gurgenidze System.} a6 $146 ({Predecessor:} 12... Be6 13. b3 Qa5 14. Nd5 Qxd2+ 15. Kxd2 Bxd5 16. cxd5 Rfc8 17. Kd3 a6 18. a4 f5 19. exf5 gxf5 {1-0 (50) Pogorelskikh,S (2189)-Bogachkova,A (2085) Ekaterinburg 2019}) 13. b3 Bd7 (13... b5 {keeps more tension.} 14. cxb5 Bxc3 15. Qxc3 Rc8 16. Qb4 axb5 17. Rxc8 Qxc8 18. O-O Bd7) 14. a4 {White is slightly better.} b5 15. cxb5 axb5 16. axb5 ({Better is} 16. Nxb5 $14 Rb8 17. Nd4) 16... Qa5 17. b6 Rac8 $1 {[%cal Rg7c3,Ba8c8,Bc8c6,Bc6b6,Bb6b3][%mdl 32]} 18. Bd4 Bxd4 19. Qxd4 Rc6 20. O-O $1 {[#] Black must now prevent Nd5.} ({Much worse is} 20. b7 Qa6 $17) 20... Qxb6 21. Qxb6 Rxb6 22. Nd5 {[%csl LRb6,LRe7]} Rxb3 23. Nxe7+ Kg7 24. Rc7 Rd8 25. h3 Bb5 26. Rd1 {[%cal Oe4e5]} Rd3 27. Rxd3 Bxd3 $11 {[%mdl 4096] Endgame KRB-KRN} 28. f3 Bb5 29. Nd5 Bd7 30. h4 h5 31. Kf2 Be6 32. Nf4 Kf6 33. Rc2 Rd7 34. Rd2 Ke7 35. Ke3 Ra7 36. Ne2 Ra3+ 37. Kf4 Ra1 38. Nd4 Rb1 39. Kg5 Rc1 {The position is equal.} 40. Rc2 Rxc2 41. Nxc2 {KB-KN} Bc4 42. Ne3 Ba2 43. Nd5+ Ke6 $1 44. Nf6 {[#] And now g4 would win.} Bc4 45. g4 hxg4 46. fxg4 {Hoping for h5.} Be2 $1 47. h5 gxh5 48. gxh5 Bxh5 49. Nxh5 {White wants to mate with Kf4. KN-KPP} Ke5 50. Nf6 Ke6 $1 51. Ne8 {aiming for Kf4.} Ke5 52. Nf6 Ke6 $1 53. Ne8 {Strongly threatening Kf4.} Ke5 54. Nxd6 {Weighted Error Value: White=0.06 (flawless) /Black=0.04 (flawless)} 1/2-1/2

[Event "6th Vergani Cup January 2022"]
[Site "Cattolica"]
[Date "2022.01.02"]
[Round "1.6"]
[White "Ciolek, Andreas"]
[Black "Lagarde, Maxime"]
[Result "0-1"]
[WhiteElo "2217"]
[BlackElo "2638"]
[Annotator "TA"]
[PlyCount "72"]
[EventDate "2022.01.02"]
[EventType "swiss"]
[EventCountry "ITA"]
[SourceTitle "playchess.com"]
[Source "ChessBase"]
[SourceQuality "1"]

{[%evp 9,72,1,22,0,9,2,8,4,8,6,38,26,25,31,47,47,63,62,84,49,47,3,49,53,43,44,35,36,37,37,28,0,0,-59,-18,-58,-50,-207,-207,-1985,-1869,-1942,-1283,-1843,-1670,-2215,-2125,-2832,-2476,-29969,-29970,-29970,-29971,-29971,-29972,-29955,-29949,-5014,-1239,-6767,-5615,-5393,-5045,-29973,-1534]} 1. e4 c6 2. d4 d5 3. exd5 cxd5 4. Nf3 Nc6 5. Bb5 e6 6. Ne5 {B13: Caro-Kann: Exchange Variation and Panov-Botvinnik Attack.} Bd7 7. Nxd7 Qxd7 8. c3 {The position is equal.} Bd6 9. O-O Nge7 10. Nd2 {[#]} h5 $146 ({Predecessor:} 10... O-O 11. f4 Qc7 12. g3 Nf5 13. Nf3 Be7 14. Bd3 Nd6 15. Qe2 Rae8 16. Ne5 Bd8 {0-1 (41) Smirin,I (2609)-Jobava,B (2627) St Petersburg 2018}) 11. Re1 f6 12. Bd3 g5 13. b4 {[%cal Bb2b4,Bb4b5][%mdl 32]} Rc8 14. Qe2 Kf7 15. a4 (15. Bb2 $14) 15... Nf5 (15... e5 $1 $11 {might be stronger.}) 16. Bb2 Bb8 17. b5 Nce7 {[%cal Bc6e7,Be7d5,Bd5f4,Bf4h3,Bh3f2][%mdl 32]} 18. c4 g4 {[%cal Bg5g4,Bg4g3,Bg3h2][%mdl 32]} ({Not} 18... Qd6 19. g3 $16) 19. Rac1 Rcg8 20. cxd5 Nxd5 $40 {[%mdl 128] Black is up to no good.} 21. Rc5 ({White should play} 21. Bc4 $11) 21... h4 $15 {Hoping for ...Nf4.} 22. Nf1 Nf4 {[%csl LRd4,LRe2] Pair of Knights!} 23. Qe4 $2 {White does not recover from this.} (23. Qd1 $1 $15) 23... g3 $19 {Dancing on a razor blade.} 24. d5 $2 {[#]} (24. fxg3 hxg3 25. d5 gxh2+ 26. Kh1) 24... Nh3+ $1 {[%mdl 512]} 25. Kh1 Nxf2+ 26. Kg1 Nxe4 27. dxe6+ Qxe6 28. Rxe4 gxh2+ 29. Kh1 {[#]} h3 $1 {[%csl Gg8][%cal Rh3g2]} 30. g4 {[#]} Qxe4+ $3 31. Bxe4 {[#]} Rxg4 $1 {[%csl Gh2][%cal Rg4g1]} 32. Bd5+ Kg6 {[%csl Gh2][%cal Rg4g1]} 33. Nxh2 {[#]} Rg2 $1 {[%cal Rf5g3]} 34. Nf1 (34. Bxg2 hxg2+) 34... Rxb2 35. Be4 {To avoid Rb1} Be5 {( -> ...Rh4)} 36. Ne3 Re2 {Weighted Error Value: White=1.19/Black=0.20 (precise)} (36... Rh2+ $142 37. Kg1 Re2 38. Bxf5+ Kf7 39. Be4 h2+ 40. Kf1 Rxe3 41. Bh1 Ra3 42. b6 Ra1+ 43. Kg2 Ra2+ 44. Kf1 Ra1+ 45. Ke2 Rxh1 46. Rd5 {[#]} Re1+ $3 {[%mdl 512]} 47. Kd3 h1=Q 48. Rd7+ Ke6 49. Re7+ Kxe7 50. Kc4 Qe4+ 51. Kc5 Bd6+ 52. Kb5 Rh5#) 0-1

[Event "6th Vergani Cup January 2022"]
[Site "Cattolica"]
[Date "2022.01.02"]
[Round "1.7"]
[White "Thybo, Jesper Sondergaard"]
[Black "Krasteva, Beloslava"]
[Result "1-0"]
[WhiteElo "2590"]
[BlackElo "2194"]
[Annotator "TA"]
[PlyCount "65"]
[EventDate "2022.01.02"]
[EventType "swiss"]
[EventCountry "ITA"]
[SourceTitle "playchess.com"]
[Source "ChessBase"]
[SourceQuality "1"]

{[%evp 22,65,27,0,29,33,39,35,36,27,62,47,43,42,95,89,90,84,226,235,337,294,335,319,364,333,522,529,858,856,872,891,875,865,1080,980,1048,1047,2820,2643,2547,2560,29970,29955,29991,1818]} 1. d4 Nf6 2. c4 e6 3. g3 c5 4. d5 exd5 5. cxd5 d6 6. Nc3 g6 7. Bg2 Bg7 8. Nf3 O-O 9. O-O Re8 10. Re1 a6 11. a4 Nbd7 12. e4 Ne5 {A63: Modern Benoni: Fianchetto Variation: 9...Nbd7.} (12... Ng4 {is interesting.} 13. Nh4 Nge5 14. Bf1 c4 15. Be3 Bf6) 13. Nxe5 Rxe5 14. Bf4 Re8 {White is slightly better.} 15. h3 {[#] Inhibits Ng4.} Rb8 $146 ({Predecessor:} 15... Nh5 16. Be3 b6 17. g4 Nf6 {0-1 (33) Boos,M (2153)-Cofman,V (2272) Playchess.com INT 2020}) 16. Qd2 $1 Nh5 17. Bg5 Qc7 (17... Nf6 $14) 18. Rac1 b6 19. b4 Nf6 {[#]} (19... Qd7 $16) 20. e5 $1 $18 Rxe5 (20... dxe5 $142 21. d6 Qa7) 21. Rxe5 dxe5 22. d6 Qd8 23. Nd5 {[%cal Bc3d5,Bd5e7,Be7c6,Bc6e5][%mdl 32] Strongly threatening Ne7+.} Bb7 (23... Kh8 $142 24. bxc5 bxc5 25. Nxf6 (25. Rxc5 Qxd6 26. Qc1 Bb7 $11) 25... Bxf6 26. Bxf6+ Qxf6) 24. Ne7+ Kf8 25. Bxb7 Rxb7 26. bxc5 bxc5 27. Rxc5 {[#] Hoping for Rc8.} Rb8 {Inhibits Rc8.} 28. Nc6 Rb1+ 29. Kh2 Qd7 30. Nxe5 Qb7 31. Rc1 {d7 would kill now. Active counter play!} Rxc1 32. Qxc1 Ke8 33. Qc4 {White took control after the opening.  Weighted Error Value: White=0.03 (flawless) /Black=0.89} (33. Qc7 $142 Qxc7 34. dxc7 Ke7 35. c8=Q Kd6 36. Bf4 Bh6 37. Nc4+ Kd5 38. Ne3+ Ke4 39. Qc6+ Kd3 40. Qc2+ Kd4 41. Qc4#) 1-0

[Event "6th Vergani Cup January 2022"]
[Site "Cattolica"]
[Date "2022.01.02"]
[Round "1.8"]
[White "Aarav Dengla"]
[Black "Bernadskiy, Vitaliy"]
[Result "0-1"]
[WhiteElo "2163"]
[BlackElo "2599"]
[Annotator "TA"]
[PlyCount "74"]
[EventDate "2022.01.02"]
[EventType "swiss"]
[EventCountry "ITA"]
[SourceTitle "playchess.com"]
[Source "ChessBase"]
[SourceQuality "1"]

{[%evp 11,74,30,33,33,57,23,54,6,12,0,0,0,0,0,0,-7,0,-12,-10,-14,-9,-20,-13,-10,0,0,0,0,0,0,0,13,21,8,12,0,0,-14,-22,-46,-22,-69,-69,-72,-79,-136,-159,-166,-154,-148,-158,-140,-153,-144,-142,-129,-131,-254,-234,-485,-459,-697,-75,-539,-533]} 1. e4 c5 2. Nf3 Nc6 3. d4 cxd4 4. Nxd4 e6 5. Nc3 a6 6. a3 Nge7 {[%cal Bg8e7,Be7g6,Bg6f4][%mdl 32]} 7. Be2 {B46: Sicilian: Taimanov: 5 Nc3 a6.} b5 8. O-O Bb7 9. Bf4 (9. Be3 $14) 9... Ng6 $1 $11 {[#]} 10. Nxc6 $146 ({Predecessor:} 10. Bg3 Be7 11. Nxc6 Bxc6 12. Bd6 O-O 13. Bf3 Bxd6 14. Qxd6 Qf6 15. Rad1 Rac8 16. Rfe1 {½-½ (61) Culpi,A-Veras,M Paranagua 1995}) 10... Bxc6 11. Bd6 Bxd6 12. Qxd6 Qe7 13. Qxe7+ Kxe7 14. Rfd1 Nf4 15. Bf1 g5 16. Rd2 g4 17. Re1 d6 18. Nd5+ Bxd5 19. exd5 e5 20. g3 Nh5 21. h3 f5 22. hxg4 fxg4 23. a4 Rhb8 24. axb5 axb5 25. Re4 (25. Rd4 {feels hotter.} Nf6 26. Rb4 h5 27. Rd1 Ra5 28. Be2) 25... Ra4 (25... Nf6 $5 {[%cal Rf6e4]} 26. Rb4 Ra4 27. Rxb5 Rxb5 28. Bxb5 Rb4 $15) 26. Rxa4 (26. Re3 $11 {deserves consideration.}) 26... bxa4 {[%mdl 4096] Endgame KRB-KRN} 27. c3 Nf6 28. Be2 ({Better is} 28. Bd3) 28... Ne4 $17 29. Rc2 h5 30. Kg2 Nc5 {Black is more active.} 31. f3 Kf6 32. Kf2 gxf3 33. Kxf3 Kf5 34. Ke3 (34. Bf1 $17 {is a better defense.}) 34... Rg8 $19 35. Kf3 (35. Kf2) 35... Ne4 {[%csl Ge4][%cal Rg8g3] [#]} 36. Bd3 (36. Kg2 $142 Rxg3+ 37. Kf1) 36... Rxg3+ 37. Ke2 Kf4 {Weighted Error Value: White=0.32/Black=0.04 (flawless)} 0-1

[Event "6th Vergani Cup January 2022"]
[Site "Cattolica"]
[Date "2022.01.02"]
[Round "1.9"]
[White "Lalith Babu M R"]
[Black "Paakkonen, Timo"]
[Result "1-0"]
[WhiteElo "2553"]
[BlackElo "2193"]
[Annotator "TA"]
[PlyCount "59"]
[EventDate "2022.01.02"]
[EventType "swiss"]
[EventCountry "ITA"]
[SourceTitle "playchess.com"]
[Source "ChessBase"]
[SourceQuality "1"]

{[%evp 23,59,55,70,40,54,47,56,35,41,37,52,41,73,72,73,91,75,70,114,65,129,70,93,81,118,116,107,127,189,186,187,168,318,269,677,675,671,662]} 1. Nf3 c5 2. c4 Nc6 3. d4 cxd4 4. Nxd4 g6 5. e4 Bg7 6. Be3 Nf6 7. Nc3 O-O 8. Be2 d6 9. O-O Bd7 10. Qd2 Nxd4 11. Bxd4 Bc6 12. f3 Qa5 13. Be3 {B38: Sicilian: Maroczy Bind with 5...Bg7 and 7...0-0.} Rfc8 14. Rab1 Qd8 15. b4 {White is slightly better.} b6 16. Rfc1 {[#]} h5 $146 ({Predecessor:} 16... Nd7 17. Nd5 a5 18. a3 axb4 19. axb4 Ra3 20. Bf1 Rca8 21. Kh1 Ra2 22. Rc2 Rxc2 23. Qxc2 {1-0 (69) Szczepkowska,K (2392)-Sikorova,O (2230) Reykjavik 2015}) 17. Nd5 Nxd5 18. cxd5 Bd7 {[#]} 19. Ba6 $1 Rxc1+ 20. Rxc1 Bc8 (20... e6 $14) 21. Qd3 {White is much more active.} ({Better is} 21. Bxc8 $16 Rxc8 22. Rc6) 21... Rb8 {[#]} (21... e6 $14) 22. Bb5 (22. Bxc8 $1 $16 Rxc8 23. Rc6) 22... Bf6 23. Qc4 (23. a4 {is interesting.} e6 24. Bc6 exd5 25. Bxd5 Bb7 26. b5) 23... Kg7 24. Qc7 Qxc7 25. Rxc7 a6 (25... a5 $16) 26. Bc6 $18 g5 27. a4 Bc3 (27... Kf8 $142 28. Kf2 g4) 28. b5 {[%cal Bb4b5,Bb5a6][%mdl 32]} ({Don't do} 28. Bxg5 $6 Bxb4 29. Rxe7 (29. Bxe7 b5 $18) 29... Bc5+ 30. Kf1 b5 $18) 28... Kf6 $2 {[#]} (28... axb5 29. Bxb5 Bf6) 29. Rxc8 $1 {[%mdl 512]} Rxc8 30. bxa6 {Weighted Error Value: White=0.18 (very precise) /Black=0.49} 1-0